|
|
|
|
| LEADER |
00862nam a2200217 a 4500 |
| 001 |
000415180 |
| 003 |
CZ BrMZK |
| 005 |
20101125104721.0 |
| 008 |
010907s1981 xr f cze d |
| 040 |
|
|
|a BOA001
|b cze
|c BOA002
|
| 100 |
1 |
|
|a Křičková, Vlasta
|7 mzk2010612599
|4 aut
|
| 245 |
1 |
0 |
|a Specifická příprava dívek v 7. roč. ZŠ :
|b (materiály pro okresní lektorské sbory) /
|c Vlasta Křičková,... [et al.]
|
| 260 |
|
|
|a České Budějovice :
|b Krajský pedagogický ústav,
|c 1981
|
| 300 |
|
|
|a 30 s.
|
| 490 |
1 |
|
|a Metodické materiály. řada A
|
| 500 |
|
|
|a Rozmnoženo
|
| 710 |
2 |
|
|a Krajský pedagogický ústav (České Budějovice, Česko)
|7 mzk2006340937
|
| 830 |
|
0 |
|a Metodické materiály. řada A
|
| 910 |
|
|
|a BOA001
|b PK-N-0022.365
|
| 990 |
|
|
|a BK
|
| 996 |
7 |
|
|b 3119822612
|c PK-N-0022.365
|l MZK
|r Sklad / do 1 hodiny
|n 0
|w 000415180
|u 000010
|a 1
|e BOA001
|j MZK50
|s A
|